Antologie odborných textů k dějinám české literatury : určeno pro posl. pedagog. fakult. [Díl] 1, Starší česká literatura a národní obrození /

Další autoři: Janů, Jaroslav, 1908-1969
Jazyk: Čeština
Vydáno: Praha : SPN, 1969
Vydání: 2., přeprac. vyd.
Edice: Učební texty vysokých škol
Externí odkaz: Digitalizovaný dokument
Fyzický popis: 138 s. ; 4°
Knihy
Uloženo v:
LEADER 01426nam a22003492a 4500
001 000409375
003 CZ BrMZK
005 20070426121201.0
007 ta
008 990305s1969 xr f cze d
015 |a cnb000452063 
035 |a (OCoLC)42130385 
040 |a ABA001  |b cze  |c ABA001  |d ABA001  |d BOA001 
080 9 |a 885-822''11/18''(075.8) 
245 0 0 |a Antologie odborných textů k dějinám české literatury :  |b určeno pro posl. pedagog. fakult.  |n [Díl] 1,  |p Starší česká literatura a národní obrození /  |c autor: kol., red. Jaroslav Janů 
246 3 0 |a Starší česká literatura a národní obrození 
250 |a 2., přeprac. vyd. 
260 |a Praha :  |b SPN,  |c 1969  |f (SČT 17) 
300 |a 138 s. ;  |c 4° 
490 1 |a Učební texty vysokých škol 
500 |a 500 výt. 
500 |a Vyd. Ústav pro učit. vzdělání na Univ. Karlově v Praze 
500 |a Pozn. 
500 |a Odkazy na lit. 
500 |a Dostupné též v digitální podobě v aplikaci Kramerius 
700 1 |a Janů, Jaroslav,  |d 1908-1969  |7 jk01051174  |4 edt 
830 0 |a Učební texty vysokých škol 
856 4 1 |u http://www.digitalniknihovna.cz/mzk/uuid/uuid:180ed1b0-4146-11e7-a34b-005056827e51  |y Digitalizovaný dokument  |x NDK 
910 |a BOA001  |b 4-0624.471,1  |b PK-N-0011.993,1 
990 |a BK 
995 |a 01 
996 7 |b 2619773479  |c 4-0624.471,1  |l MZK  |r Sklad / do 1 hodiny  |n 6  |w 000409375  |u 000010  |a 1  |e BOA001  |j MZK50  |s A